=LDR 00000nam 2200000 4500 =001 INLIS000000000028452 =005 20200602105515 =035 ##$$a 0010-061300000028452 =008 200602################g##########0#ind## =041 ##$$a Ind =082 ##$$a 2x3.2 =090 ##$$a 2x3.2, Asy m =100 ##$$a Asyur, Musthafa =245 1#$$a Menjelajah alam malaikat /$c Musthafa Asyur =260 ##$$a Surabaya :$b YPI,$c 1993 =300 ##$$a xiii, 144 hlm, ; $c 19 x 13 cm =650 #4$$a Malaikat =850 ##$$a NBPNMAT =084 ##$$a 2x3.2 ASY m =990 ##$$a 102.339/Pro.96 =990 ##$$a 00091734